Russian Federation : Fiscal Transparency Evaluation Update.

This Technical Assistance paper on the Russian Federation provides a summary of the changes to Russia's fiscal transparency practices since 2014 and makes recommendations for further improvements. Russia has made important progress in enhancing the coverage and detail of fiscal reporting since...

Descripción completa

Detalles Bibliográficos
Autor Corporativo: International Monetary Fund. Fiscal Affairs Dept
Formato: Revista
Lenguaje:English
Publicado: Washington, D.C. : International Monetary Fund, 2019.
Colección:IMF Staff Country Reports; Country Report ; No. 2019/329
Acceso en línea:Full text available on IMF
LEADER 02141cas a2200241 a 4500
001 AALejournalIMF016015
008 230101c9999 xx r poo 0 0eng d
020 |c 5.00 USD 
020 |z 9781513518404 
022 |a 1934-7685 
040 |a BD-DhAAL  |c BD-DhAAL 
110 2 |a International Monetary Fund.  |b Fiscal Affairs Dept. 
245 1 0 |a Russian Federation :   |b Fiscal Transparency Evaluation Update. 
264 1 |a Washington, D.C. :  |b International Monetary Fund,  |c 2019. 
300 |a 1 online resource (28 pages) 
490 1 |a IMF Staff Country Reports 
500 |a <strong>Off-Campus Access:</strong> No User ID or Password Required 
500 |a <strong>On-Campus Access:</strong> No User ID or Password Required 
506 |a Electronic access restricted to authorized BRAC University faculty, staff and students 
520 3 |a This Technical Assistance paper on the Russian Federation provides a summary of the changes to Russia's fiscal transparency practices since 2014 and makes recommendations for further improvements. Russia has made important progress in enhancing the coverage and detail of fiscal reporting since 2014, but assurances of the quality and integrity of fiscal reporting remain incomplete. Reforms to the statistical treatment of taxes and nonfinancial assets have improved the comparability of budgets, statistics, and accounts but transparent reconciliations between the three are still not provided. It is imperative to make Rosstat fully independent of government and produce and publish metadata explaining in an accessible way how the main fiscal indicators or datasets are compiled. The ministry of finance has initiated an annual assessment of the quality of loans and will begin writing-down the value of doubtful debts from 2020. Separate detailed reconciliations of changes to revenue and expenditure are included in the documentation accompanying the annual budget. 
538 |a Mode of access: Internet 
830 0 |a IMF Staff Country Reports; Country Report ;  |v No. 2019/329 
856 4 0 |z Full text available on IMF  |u http://elibrary.imf.org/view/journals/002/2019/329/002.2019.issue-329-en.xml  |z IMF e-Library